MATLAB/Simulink alapú digitális ikrek hibaanalízisének vizsgálata [absztrakt] /

Elmentve itt :
Bibliográfiai részletek
Szerzők: Lennert József Richárd
Fodor Dénes
Szalay István
Testületi szerző: Műszaki, technológiai és gazdasági kihívások a 21. században
Dokumentumtípus: Könyv része
Megjelent: Szegedi Tudományegyetem Mérnöki Kar Szeged 2025
Sorozat:Műszaki, technológiai és gazdasági kihívások a 21. században : nemzetközi magyar nyelvű tudományos konferencia
Kulcsszavak:Mechatronika - előadáskivonat, Irányítástechnika - gépészeti - előadáskivonat, Informatika - előadáskivonat
Tárgyszavak:
Online Access:http://acta.bibl.u-szeged.hu/88062
LEADER 01210naa a2200241 i 4500
001 acta88062
005 20250613155418.0
008 250613s2025 hu o 100 hun d
020 |a 978-963-688-052-1 
040 |a SZTE Egyetemi Kiadványok Repozitórium  |b hun 
041 |a hun 
100 1 |a Lennert József Richárd 
245 1 0 |a MATLAB/Simulink alapú digitális ikrek hibaanalízisének vizsgálata   |h [elektronikus dokumentum] :  |b [absztrakt] /  |c  Lennert József Richárd 
260 |a Szegedi Tudományegyetem Mérnöki Kar  |b Szeged  |c 2025 
300 |a 69 
490 0 |a Műszaki, technológiai és gazdasági kihívások a 21. században : nemzetközi magyar nyelvű tudományos konferencia 
650 4 |a Műszaki és technológiai tudományok 
650 4 |a Villamosmérnöki és informatikai tudományok 
695 |a Mechatronika - előadáskivonat, Irányítástechnika - gépészeti - előadáskivonat, Informatika - előadáskivonat 
700 0 1 |a Fodor Dénes  |e aut 
700 0 1 |a Szalay István  |e aut 
711 |a Műszaki, technológiai és gazdasági kihívások a 21. században  |c Szeged  |d 2025. május 30. 
856 4 0 |u http://acta.bibl.u-szeged.hu/88062/1/mtg_kihivasok_konf_2025_069.pdf  |z Dokumentum-elérés